000 00415nam a22001697a 4500
005 20160511154611.0
008 160511b xxu||||| |||| 00| 0 eng d
020 _a978-81203-17093
041 _aeng
082 _b1328
100 _aKaul Asha
_9282
245 _aEffective business communication
260 _aNew Delhi
_bPrentice hall of India,
_c2008
300 _a171
650 _aManagement
_9241
942 _cBK
999 _c591
_d591